Statistics for Department Stores of the United States

Click here to take the quiz!

General Stats

  • This quiz has been taken 172 times
    (26 since last reset)
  • The average score is 10 of 29

Answer Stats

Number of StoresTypeAnswer% Correct
4622DiscountWalmart
89%
507MiddleMacy's
78%
663MiddleJCPenney
67%
1897DiscountTarget
67%
282MiddleDillard's
56%
1309Off-PriceTJ Maxx
56%
6DiscountKmart
50%
1190Off-PriceMarshalls
50%
346LuxuryNordstrom
50%
348Off-PriceNordstrom Rack
50%
1853DiscountRoss Stores
50%
13MiddleSears
50%
57LuxuryBloomingdale's
39%
1023MiddleBurlington
39%
1165MiddleKohl's
39%
42LuxurySaks Fifth Avenue
39%
102Off-PriceSaks Off 5th
39%
36LuxuryNeiman Marcus
33%
650Off-PriceBealls
22%
293MiddleBelk
17%
2LuxuryBergdorf Goodman
17%
1Off-PriceCentury 21
11%
37MiddleVon Maur
11%
50MiddleBoscov's
6%
11MiddleCuracao
6%
2LuxuryGus Mayer
6%
1LuxuryHalls
6%
129DiscountGabe's
0%
175DiscountRoses
0%

Score Distribution

Percentile by Number Answered

Percent of People with Each Score

Your Score History

You have not taken this quiz since the last reset